[Event "Ankara Baskent Univ op-B 3rd"]
[Site "Ankara"]
[Date "2018.08.30"]
[Round "7"]
[White "Tastan, Tuna Yasin"]
[Black "Sungu, Yagiz Kaan"]
[Result "1-0"]
[WhiteElo "1535"]
[BlackElo "1441"]
[PlyCount "139"]
[EventDate "2018.08.27"]
[EventType "swiss"]
[EventRounds "9"]
[EventCountry "TUR"]
[SourceTitle "EXT 2021"]
[Source "ChessBase"]
[SourceDate "2020.10.23"]
[SourceVersion "1"]
[SourceVersionDate "2020.10.23"]
[SourceQuality "1"]

1. e4 c5 2. Nf3 Nc6 3. d4 cxd4 4. Nxd4 d6 5. c4 g6 6. Nc3 Bg7 7. Be3 Nf6 8. Be2 0-0 9. 0-0 Bd7 10. f4 Rc8 11. Rc1 Nxd4 12. Bxd4 Bc6 13. Bf3 Nd7 14. Bxg7 Kxg7 15. Qd4+ Kg8 16. b3 Qb6 17. Qxb6 Nxb6 18. Nd5 Nxd5 19. exd5 Bd7 20. Rfe1 Rfe8 21. Re3 Rc7 22. Rec3 Rec8 23. b4 b6 24. h3 h5 25. Kf2 Kg7 26. Ke3 Kf6 27. Be2 h4 28. Bg4 Bf5 29. Kd4 a5 30. bxa5 bxa5 31. Rb3 Rc5 32. Rb6 g5 33. fxg5+ Kxg5 34. Bxf5 Kxf5 35. Rb7 R8c7 36. Rf1+ Kg6 37. Rxc7 Rxc7 38. Rf4 Rb7 39. Kc3 Rb1 40. Rxh4 f5 41. Rf4 Kg5 42. Rf2 Rc1+ 43. Kb3 Rb1+ 44. Kc2 Re1 45. Kb2 Re3 46. Kc2 Ra3 47. Kb2 Re3 48. Kb1 Re1+ 49. Kc2 Re3 50. Kd1 Rc3 51. Rc2 Rxc2 52. Kxc2 Kh4 53. Kd3 Kg3 54. Ke3 Kxg2 55. Kf4 Kxh3 56. Kxf5 Kg3 57. Ke6 Kf4 58. Kxe7 Ke5 59. Kd7 a4 60. a3 Kd4 61. Kxd6 Kxc4 62. Kc6 Kb3 63. d6 Kxa3 64. d7 Kb2 65. d8Q a3 66. Qd4+ Kc2 67. Qa1 Kb3 68. Kb5 a2 69. Kc5 Ka3 70. Kc4 1-0